000
00216nam a22001097a 4500
082
_a
632 PLA'S
100
_a
SIMON
_9
59537
245
_a
PLANT LIFE
260
_a
NEWYORK
_b
SIMON
_c
1957
300
_a
237P
942
_c
BK
999
_c
569491
_d
569491